000 00652nam a22002417a 4500
003 UA-OsUOA
001 137398
007 ta
008 20190515b un ||||| |||| 00| 0 ukr d
100 _aКожевніков В.
090 _a821.161.2
_bК58
942 _cBK
040 _aUA-OsUOA
_bukr
_cUA-OsUOA
_dUA-OsUOA
245 _aСувора розмова про "язик" і мову
300 _a64 с.
955 _a2
041 _aukr
080 _a821.161.2
020 _a978-966-8947-14-8
260 _aК.
_bПанмедія
_c2014
650 7 _a82 Література. Літературознавство
_2UDC
999 _c420544
_d420544